Čo nie je tajné, je verejné

Od 1. januára 2001 platí Zákon č. 211/2000 Z.z. o slobodnom prístupe k informáciám a o zmene a doplnení niektorých zákonov. Princípy budovania a obsah zákona o slobode informácií.

Enregistré dans:
Détails bibliographiques
Auteur principal: Šveda, Dušan
Autres auteurs: Pirošík, Vladimír
Format: Chapitre de livre
Langue:slovaque
Sujets:
Tags: Ajouter un tag
Pas de tags, Soyez le premier à ajouter un tag!

MARC

LEADER 00000naa a2200000 4500
001 r041785
005 20230927092651.5
041 0 |a slo 
044 |a SK 
245 1 0 |a Čo nie je tajné, je verejné  |c Dušan Šveda, Vladimír Pirošík 
520 |a Od 1. januára 2001 platí Zákon č. 211/2000 Z.z. o slobodnom prístupe k informáciám a o zmene a doplnení niektorých zákonov. Princípy budovania a obsah zákona o slobode informácií. 
610 2 0 |a právo občianske 
610 2 0 |a sloboda 
610 2 0 |a informácie 
610 2 0 |a zákony 
610 2 0 |a občania 
610 2 0 |a Slovensko 
610 2 0 |a sloboda informácií 
100 1 |a Šveda, Dušan 
700 1 |a Pirošík, Vladimír